[Event "Xativa Murta op 2nd"]
[Site "Xativa"]
[Date "2016.08.22"]
[Round "1"]
[White "Gomez Maestro, Gustavo"]
[Black "Nieves Cabanes, Javier"]
[Result "0-1"]
[WhiteElo "1638"]
[BlackElo "2215"]
[PlyCount "39"]
[EventDate "2016.08.22"]
[EventType "swiss"]
[EventRounds "9"]
[EventCountry "ESP"]
[SourceTitle "CBM 174 Extra"]
[Source "ChessBase"]
[SourceDate "2016.10.10"]
[SourceVersion "1"]
[SourceVersionDate "2016.10.10"]
[SourceQuality "1"]

1. d4 Nf6 2. c4 e6 3. Nf3 c5 4. d5 d6 5. Nc3 exd5 6. cxd5 g6 7. g3 Bg7 8. Bg2 0-0 9. 0-0 Re8 10. Nd2 a6 11. a4 Nbd7 12. h3 Nh5 13. e4 Ne5 14. f4 Nd3 15. Rf3 Nxc1 16. Rxc1 Rb8 17. g4 Bd4+ 18. Kh1 Nf6 19. f5 gxf5 20. Rxf5 0-1

[Event "Provincial-ch Gandia Primera"]
[Site "Gandia"]
[Date "2013.11.16"]
[Round "6.4"]
[White "Alcaraz Moreno, Sergio"]
[Black "Gomez Maestro, Gustavo"]
[Result "0-1"]
[WhiteElo "1613"]
[BlackElo "1712"]
[PlyCount "76"]
[EventDate "2013.10.05"]
[EventType "swiss"]
[EventRounds "7"]
[EventCountry "ESP"]
[SourceTitle "EXT 2024"]
[Source "ChessBase"]
[SourceDate "2023.10.10"]
[SourceVersion "1"]
[SourceVersionDate "2023.10.10"]
[SourceQuality "1"]

1. d4 e6 2. c4 f5 3. Nc3 Nf6 4. Nf3 c6 5. Qc2 d5 6. c5 Be7 7. Bf4 Nbd7 8. h3 b6 9. b4 Ba6 10. a4 Bc4 11. Nd2 bxc5 12. bxc5 Ba6 13. e3 Bxf1 14. Nxf1 Qa5 15. Nd2 0-0 16. 0-0 Ne4 17. Ncxe4 fxe4 18. Rab1 e5 19. Bh2 Rab8 20. Rb2 Rxb2 21. Qxb2 Qa6 22. Qc2 exd4 23. exd4 Qe2 24. Qd1 Qd3 25. Nb3 Qc3 26. Qg4 Qxb3 27. Qxd7 Bf6 28. Qe6+ Kh8 29. Be5 Bxe5 30. Qxe5 Qxa4 31. f3 Qc4 32. f4 Qd3 33. Qe7 Qxd4+ 34. Kh1 Qf6 35. Qxa7 d4 36. Qa3 d3 37. Qc1 Qd4 38. Qb1 e3 0-1

[Event "Cullera op-B 29th"]
[Site "Cullera"]
[Date "2012.08.25"]
[Round "1"]
[White "Gomez Maestro, Gustavo"]
[Black "Garcia Domingo, Jose Antonio"]
[Result "0-1"]
[WhiteElo "1708"]
[BlackElo "2008"]
[PlyCount "54"]
[EventDate "2012.08.25"]
[EventType "swiss"]
[EventRounds "9"]
[EventCountry "ESP"]
[SourceTitle "CBM 150 Extra"]
[Source "ChessBase"]
[SourceDate "2012.10.19"]
[SourceVersion "1"]
[SourceVersionDate "2012.10.19"]
[SourceQuality "1"]

1. d4 c5 2. d5 d6 3. c4 e6 4. Nc3 Nf6 5. e4 exd5 6. cxd5 a6 7. a4 g6 8. Nge2 Bg7 9. f3 0-0 10. Ng3 Ne8 11. Be2 f5 12. exf5 Bxf5 13. 0-0 Nd7 14. Bd3 Bxd3 15. Qxd3 Ne5 16. Qe2 c4 17. Nge4 Nd3 18. Ng5 Nxc1 19. Qe6+ Kh8 20. Nf7+ Rxf7 21. Qxf7 Nd3 22. Ne4 Nf6 23. g3 Nxe4 24. fxe4 Qb6+ 25. Kg2 Qxb2+ 26. Kh3 Rf8 27. Qe7 Nf2+ 0-1

[Event "Almansa op-B 6th"]
[Site "Almansa"]
[Date "2011.08.09"]
[Round "1.1"]
[White "Perez Garcia, Jose Miguel"]
[Black "Gomez Maestro, Gustavo"]
[Result "1-0"]
[WhiteElo "1996"]
[BlackElo "1667"]
[PlyCount "111"]
[EventDate "2011.08.09"]
[EventType "swiss"]
[EventRounds "9"]
[EventCountry "ESP"]
[SourceTitle "EXT 2024"]
[Source "ChessBase"]
[SourceDate "2023.10.10"]
[SourceVersion "1"]
[SourceVersionDate "2023.10.10"]
[SourceQuality "1"]

1. Nf3 e6 2. c4 f5 3. d4 Nf6 4. Nc3 Bb4 5. Qc2 Ne4 6. Bd2 Nxd2 7. Qxd2 b6 8. d5 0-0 9. Rd1 Qf6 10. Rc1 Bb7 11. a3 Bxc3 12. Rxc3 d6 13. Ng5 e5 14. Ne6 Rf7 15. b4 Bc8 16. Ng5 Re7 17. Nf3 f4 18. e4 fxe3 19. Qxe3 Bf5 20. Be2 Nd7 21. 0-0 a5 22. Nd2 Qg6 23. Nf3 axb4 24. axb4 Ra4 25. Nh4 Qf6 26. Nxf5 Qxf5 27. h3 Rxb4 28. Bg4 Qf6 29. Be6+ Kh8 30. Qd2 Ra4 31. Rf3 Qh6 32. Bxd7 Ra8 33. Qxh6 gxh6 34. Bc6 Ra5 35. Rf8+ Kg7 36. Ra8 Rxa8 37. Bxa8 Kf6 38. Bc6 h5 39. h4 Kf5 40. g3 Ke4 41. Kg2 Rf7 42. Ra1 Kd4 43. Ra8 Re7 44. Rf8 e4 45. Rf4 Kc3 46. Rf5 Kd2 47. Rxh5 e3 48. fxe3 Kxe3 49. Rh6 Kd4 50. Re6 Rg7 51. Kh3 Kc5 52. g4 Kd4 53. g5 Kc5 54. Kg4 Kd4 55. h5 h6 56. Rxh6 1-0